[Event "World Junior U20 Open 2018"]
[Site "Gebze"]
[Date "2018.09.14"]
[Round "10.70"]
[White "Sevgi, Volkan"]
[Black "Gulden, Egemen"]
[Result "1-0"]
[WhiteElo "2323"]
[BlackElo "2068"]
[Annotator "ChessBase"]
[PlyCount "83"]
[EventDate "2018.09.05"]
[EventType "swiss"]
[EventCountry "TUR"]
[SourceTitle "playchess.com"]
[Source "ChessBase"]
[SourceQuality "1"]
[TimeControl "40/5400+30:1800+30"]

1. e4 c5 2. Nc3 e6 3. Nf3 a6 4. g3 b5 5. d4 cxd4 6. Nxd4 Qb6 7. Nb3 Bb7 {[%emt 0:15:30]} 8. Be3 {[%emt 0:26:00]} Qc7 {[%emt 0:00:30]} 9. Bg2 {[%emt 0:00:30]} Nf6 {[%emt 0:00:30]} 10. O-O {[%emt 0:05:30]} d6 {[%emt 0:03:30]} 11. a3 {[%emt 0:04:30]} Nbd7 {[%emt 0:01:30]} 12. f4 {[%emt 0:01:30]} Be7 {[%emt 0:02:30]} 13. Qe2 {[%emt 0:06:30]} Rc8 {[%emt 0:03:30]} 14. Rad1 {[%emt 0:04:30]} Ba8 {[%emt 0:11:30]} 15. h3 {[%emt 0:06:30]} h5 {[%emt 0:00:30]} 16. Qf2 {[%emt 0:01:30]} Rb8 {[%emt 0:10:30]} 17. Rfe1 {[%emt 0:02:30]} Nb6 {[%emt 0:02:30]} 18. Bxb6 {[%emt 0:00:30]} Rxb6 {[%emt 0:08:30]} 19. e5 {[%emt 0:00:30]} Nd5 {[%emt 0:00:30]} 20. Bxd5 {[%emt 0:01:30]} Bxd5 {[%emt 0:02:30]} 21. Rxd5 {[%emt 0:00:30]} h4 {[%emt 0:07:30]} 22. g4 {[%emt 0:02:30]} O-O {[%emt 0:01:30]} 23. Rd3 {[%emt 0:01:30]} dxe5 {[%emt 0:01:30]} 24. fxe5 {[%emt 0:00:30]} a5 {[%emt 0:01:30]} 25. Red1 {[%emt 0:05:30]} Rb7 {[%emt 0:03:30]} 26. Rd7 {[%emt 0:02:30]} Qxd7 {[%emt 0:11:54]} 27. Rxd7 {[%emt 0:00:30]} Rxd7 {[%emt 0:00:30]} 28. Nxb5 {[%emt 0:00:30]} Rd5 {[%emt 0:00:30]} 29. Qe2 {[%emt 0:00:30]} Rfd8 {[%emt 0:00:30]} 30. Nc3 {[%emt 0:00:00]} R5d7 {[%emt 0:01:00]} 31. Qa6 {[%emt 0:00:00]} a4 {[%emt 0:01:36]} 32. Qxa4 {[%emt 0:00:30]} f6 {[%emt 0:00:38]} 33. Qc4 {[%emt 0:01:30]} fxe5 {[%emt 0:02:05]} 34. Qxe6+ {[%emt 0:00:30]} Kh8 {[%emt 0:00:10]} 35. Qxe5 {[%emt 0:00:30]} Bf6 {[%emt 0:00:13]} 36. Qh5+ {[%emt 0:00:30]} Kg8 {[%emt 0:00:05]} 37. g5 {[%emt 0:00:30]} Bxc3 {[%emt 0:03:04]} 38. bxc3 {[%emt 0:00:30]} Rd1+ {[%emt 0:00:00]} 39. Kg2 {[%emt 0:00:00]} Re1 {[%emt 0:00:14]} 40. Nd4 {[%emt 0:00:00]} Rf8 {[%emt 0:02:25]} 41. g6 {[%emt 0:00:30]} Rf4 {[%emt 0:01:06]} 42. Qd5+ {[%emt 0:00:30]} 1-0

[Event "World Junior U20 Open 2018"]
[Site "Gebze"]
[Date "2018.09.14"]
[Round "10.71"]
[White "Nalbant, Tuna Onat"]
[Black "Tifferet, Shaked"]
[Result "0-1"]
[WhiteElo "2241"]
[BlackElo "2299"]
[Annotator "NA"]
[PlyCount "112"]
[EventDate "2018.09.05"]
[EventType "swiss"]
[EventCountry "TUR"]
[SourceTitle "playchess.com"]
[Source "ChessBase"]
[SourceQuality "1"]
[TimeControl "40/5400+30:1800+30"]

1. e4 e5 2. Nf3 Nc6 3. Bc4 Bc5 4. d3 Nf6 5. O-O d6 6. c3 a5 {C54: Italienische Partie (Hauptvariante)} 7. h3 h6 8. Re1 O-O 9. Nbd2 a4 10. Bb5 Bd7 {[%emt 0:07:00]} 11. Nf1 {[%emt 0:35:30]} Ne7 {[%emt 0:00:30]} 12. Bxd7 {[%emt 0:00:30]} Nxd7 {[%emt 0:00:30]} 13. Ng3 $146 {[%emt 0:06:30]} ({Vorgänger:} 13. d4 Bb6 14. Ng3 {0-1 (29) Anand,V (2760)-Caruana,F (2822) Stavanger 2018}) 13... f5 {[%emt 0:01:30]} 14. d4 {[%emt 0:10:30]} Bb6 {[%emt 0:01:30]} 15. exf5 {[%emt 0:04:30]} Nxf5 {[%emt 0:03:30]} 16. Nxf5 {[%emt 0:01:30]} Rxf5 {[%emt 0:00:30]} 17. Qd3 {[%emt 0:05:30]} Qf8 {[%emt 0:04:30]} 18. Be3 {[%emt 0:00:30]} Rxf3 {[%emt 0:16:30]} 19. gxf3 {[%emt 0:01:30]} Qxf3 {[%emt 0:01:30]} 20. Qf1 {[%emt 0:02:30]} exd4 {[%emt 0:08:30]} 21. cxd4 {[%emt 0:01:30]} Rf8 {[%emt 0:12:30]} 22. Qg2 {[%emt 0:01:30]} Qh5 {[%emt 0:00:30]} 23. Kh2 {[%emt 0:02:30]} Nf6 {[%emt 0:10:30]} 24. Rg1 {[%emt 0:01:30]} Rf7 {[%emt 0:00:30]} 25. Qg6 {[%emt 0:06:30]} Qxg6 {[%emt 0:00:30]} 26. Rxg6 {[%emt 0:00:00]} Kh7 {[%emt 0:00:30]} 27. Rgg1 {[%emt 0:04:12]} Ne4 {[%emt 0:03:30]} 28. Rac1 {[%emt 0:04:06]} d5 $14 {[%emt 0:03:30]} 29. Kg2 {[%emt 0:00:27]} c6 {[%emt 0:00:30]} 30. Rgd1 {[%emt 0:05:10]} Nd6 {[%emt 0:01:30]} 31. Rd3 {[%emt 0:02:25]} Nb5 {[%emt 0:01:30]} 32. f3 {[%emt 0:02:00]} Rf8 {[%emt 0:01:30]} 33. Re1 {[%emt 0:01:40]} Re8 {[%emt 0:01:30]} 34. Kf2 {[%emt 0:01:12]} Kg6 {[%emt 0:00:30]} 35. Rg1+ {[%emt 0:00:29]} Kf7 {[%emt 0:00:30]} 36. Rg4 {[%emt 0:00:40]} Nd6 {[%emt 0:01:30]} 37. Rf4+ {[%emt 0:02:31]} Kg8 {[%emt 0:00:30]} 38. Bd2 {[%emt 0:00:52]} h5 {[%emt 0:01:51]} 39. Bb4 {[%emt 0:00:37]} Nf7 {[%emt 0:08:16]} 40. Re3 {[%emt 0:00:00]} Rxe3 {[%emt 0:01:33]} 41. Kxe3 {[%emt 0:01:39]} Bd8 {[%emt 0:05:20]} 42. h4 {[%emt 0:07:30]} g6 {[%emt 0:04:30]} 43. Be1 {[%emt 0:13:54]} Kg7 {[%emt 0:01:30]} 44. Bg3 {[%emt 0:02:28]} Nh6 {[%emt 0:01:30]} 45. Bf2 {[%emt 0:03:19]} g5 {[%emt 0:01:30]} 46. hxg5 {[%emt 0:01:07]} Bxg5 {[%emt 0:00:30]} 47. Bg3 {[%emt 0:01:34]} Nf5+ {[%emt 0:00:30]} 48. Kf2 {[%emt 0:00:47]} Nxg3 {[%emt 0:00:30]} 49. Kxg3 {[%emt 0:00:43]} Bxf4+ {[%emt 0:00:30]} 50. Kxf4 {[%emt 0:00:01]} Kf6 {[%emt 0:00:00]} 51. b3 {[%emt 0:01:38]} axb3 {[%emt 0:00:00]} 52. axb3 {[%emt 0:00:30]} b6 {[%emt 0:00:30]} 53. b4 {[%emt 0:00:30]} b5 {[%emt 0:00:30]} 54. Kg3 {[%emt 0:00:30]} Kg5 {[%emt 0:00:30]} 55. Kh3 {[%emt 0:00:30]} Kf4 {[%emt 0:00:30]} 56. Kg2 {[%emt 0:00:30]} h4 {[%emt 0:00:30]} 0-1

[Event "World Junior U20 Open 2018"]
[Site "Gebze"]
[Date "2018.09.14"]
[Round "10.72"]
[White "Cansun, Can Alp"]
[Black "Akdogan, Alperen"]
[Result "1-0"]
[WhiteElo "2110"]
[BlackElo "2278"]
[Annotator "NA"]
[PlyCount "51"]
[EventDate "2018.09.05"]
[EventType "swiss"]
[EventCountry "TUR"]
[SourceTitle "playchess.com"]
[Source "ChessBase"]
[SourceQuality "1"]
[TimeControl "40/5400+30:1800+30"]

1. e4 {[%emt 0:00:30]} e5 {[%emt 0:00:30]} 2. Nf3 {[%emt 0:00:30]} d6 {[%emt 0:00:30]} 3. d4 {[%emt 0:00:30]} exd4 {[%emt 0:00:30]} 4. Nxd4 {[%emt 0:00:30]} Nf6 {[%emt 0:00:00]} 5. Nc3 {[%emt 0:00:00]} Be7 {[%emt 0:00:00]} 6. Be2 {[%emt 0:00:30]} O-O {[%emt 0:00:00]} 7. O-O {[%emt 0:00:30]} Re8 {[%emt 0:00:00]} 8. f4 {[%emt 0:09:00] LiveBook: 272 Games} Bf8 {[%emt 0:00:30]} 9. Bf3 {[%emt 0:00:30]} c5 {[%emt 0:00:30]} 10. Nde2 {[%emt 0:02:30] C41: Philidor Defence} Nc6 {[%emt 0:00:30]} 11. h3 {[%emt 0:02:30]} (11. Kh1 Bd7 12. Qd3 b5 13. a3 b4 14. Nd5 Rb8 15. b3 a5 16. Nxf6+ Qxf6 17. Rb1 Rbd8 {0-1 (26) Steingrimsson,H (2576)-Mamedyarov,S (2791) Antalya 2017}) 11... a6 {[%emt 0:06:30]} 12. Be3 {[%emt 0:19:00]} Rb8 $146 {[%emt 0:23:00]} ({Predecessor:} 12... d5 13. exd5 Rxe3 14. dxc6 Qxd1 15. Raxd1 bxc6 16. Bxc6 Ra7 17. Kf2 Rae7 {1-0 (33) Maurer,H (2004)-Frankenberger,R (1860) Bayern 2010}) 13. Qd2 {[%emt 0:01:30]} Qc7 {[%emt 0:16:30]} 14. g4 {[%emt 0:10:30]} b5 {[%emt 0:02:30]} 15. Rae1 {[%emt 0:10:30]} b4 {[%emt 0:14:30]} 16. Nd5 {[%emt 0:04:30]} Nxd5 $18 {[%emt 0:07:30]} (16... Na7 $2 {[%emt 0:07:30][%mdl 8192]}) (16... Qd8 $14) 17. exd5 {[%emt 0:00:30]} Na7 {[%emt 0:00:30]} 18. f5 {[%emt 0:00:30]} Be7 {[%emt 0:00:30]} 19. Ng3 {[%emt 0:09:30]} Bh4 {[%emt 0:08:30]} 20. Bg5 {[%emt 0:00:00]} Bxf5 {[%emt 0:01:30]} 21. Bxh4 {[%emt 0:01:00]} Bg6 {[%emt 0:00:30]} 22. Nf5 {[%emt 0:00:30]} Nb5 {[%emt 0:00:30]} 23. Rxe8+ {[%emt 0:00:30]} Rxe8 {[%emt 0:00:30]} 24. Re1 {[%emt 0:00:30]} Rf8 {[%emt 0:00:30]} 25. Qf4 {[%emt 0:02:30]} c4 {[%emt 0:04:30]} 26. Nxg7 {[%emt 0:02:30]} 1-0

[Event "World Junior U20 Open 2018"]
[Site "Gebze"]
[Date "2018.09.14"]
[Round "10.73"]
[White "Vanczak, Tamas"]
[Black "Ozturk, Efe Hakan"]
[Result "1-0"]
[WhiteElo "2276"]
[BlackElo "2065"]
[Annotator "NA"]
[PlyCount "133"]
[EventDate "2018.09.05"]
[EventType "swiss"]
[EventCountry "TUR"]
[SourceTitle "playchess.com"]
[Source "ChessBase"]
[SourceQuality "1"]
[TimeControl "40/5400+30:1800+30"]

1. e4 e6 2. b3 {[%emt 0:01:00]} d5 {[%emt 0:09:00]} 3. Bb2 {[%emt 0:00:30]} dxe4 {[%emt 0:00:30]} 4. Nc3 {[%emt 0:01:30]} Nf6 {[%emt 0:05:30]} 5. Qe2 {[%emt 0:00:30]} Be7 {[%emt 0:07:30]} 6. O-O-O {[%emt 0:00:30]} O-O {[%emt 0:00:30]} 7. g4 {[%emt 0:00:30]} a5 {[%emt 0:31:30]} 8. a4 {[%emt 0:27:00]} c6 {[%emt 0:10:30]} 9. g5 {[%emt 0:03:30]} Nd5 {[%emt 0:00:30]} 10. Nxe4 {[%emt 0:00:30]} b5 {[%emt 0:04:30]} 11. Qh5 {[%emt 0:10:30]} bxa4 {[%emt 0:08:30]} 12. Bd3 {[%emt 0:07:30]} Ba6 {[%emt 0:01:30]} 13. c4 {[%emt 0:12:30]} Nd7 {[%emt 0:06:30]} 14. Nh3 {[%emt 0:08:30]} Nb4 {[%emt 0:13:30]} (14... e5 $142 15. Rhg1 a3) 15. Bb1 {[%emt 0:02:30]} a3 {[%emt 0:00:36]} 16. Bxg7 {[%emt 0:06:56]} a2 {[%emt 0:03:50]} 17. Qh6 {[%emt 0:02:44]} axb1=Q+ $19 {[%emt 0:10:00]} ({Not} 17... axb1=N $2 18. Bf6 $18) 18. Kxb1 {[%emt 0:01:06]} Bxc4 {[%emt 0:02:48]} 19. bxc4 $17 {[%emt 0:01:53]} Nf6 {[%emt 0:02:15]} 20. d3 {[%emt 0:05:33]} Ng4 {[%emt 0:00:59]} 21. Qh4 {[%emt 0:02:59]} Kxg7 {[%emt 0:00:13]} 22. Nf4 {[%emt 0:00:50]} Qb8 {[%emt 0:01:35]} 23. Nh5+ {[%emt 0:02:01]} Kh8 {[%emt 0:00:15]} 24. Qxg4 {[%emt 0:00:12]} Nxd3+ {[%emt 0:00:46]} 25. Kc2 {[%emt 0:00:07]} Nb4+ {[%emt 0:01:14]} 26. Kd2 {[%emt 0:00:35]} Rd8+ {[%emt 0:00:30]} 27. Ke2 {[%emt 0:00:24]} Qe5 {[%emt 0:00:33]} 28. Nhg3 {[%emt 0:00:53]} Qb2+ {[%emt 0:00:48]} 29. Kf3 {[%emt 0:00:05]} Rd3+ {[%emt 0:00:34]} 30. Kg2 {[%emt 0:00:33]} a4 {[%emt 0:00:31]} 31. Rb1 {[%emt 0:00:46]} Qd4 {[%emt 0:00:28]} 32. Qh5 {[%emt 0:00:32]} Rf8 {[%emt 0:00:33]} 33. Rxb4 {[%emt 0:00:25]} Rxg3+ {[%emt 0:00:25]} 34. Nxg3 {[%emt 0:02:57]} Bxb4 {[%emt 0:00:03]} 35. Rd1 {[%emt 0:00:00]} Qg7 {[%emt 0:00:59]} 36. Rd7 {[%emt 0:00:10]} a3 {[%emt 0:00:25]} 37. Ra7 {[%emt 0:00:22]} Bc5 {[%emt 0:00:37]} 38. Ra5 {[%emt 0:00:20]} Qd4 {[%emt 0:00:30]} 39. g6 {[%emt 0:00:24]} Qxf2+ {[%emt 0:00:30]} 40. Kh3 {[%emt 0:00:00]} fxg6 {[%emt 0:00:58]} 41. Qe5+ {[%emt 0:01:13]} Kg8 {[%emt 0:06:35]} 42. Rxc5 {[%emt 0:00:30]} Rf3 {[%emt 0:02:30]} 43. Ra5 {[%emt 0:06:30]} Qf1+ {[%emt 0:18:16]} 44. Kg4 {[%emt 0:01:30]} Qd1 {[%emt 0:00:54]} 45. Qxe6+ {[%emt 0:00:30]} Rf7+ {[%emt 0:01:51]} 46. Kh3 {[%emt 0:00:30]} Qd2 {[%emt 0:01:43]} 47. Ra8+ {[%emt 0:01:30]} Kg7 {[%emt 0:00:03]} 48. Qe5+ {[%emt 0:00:30]} Kh6 {[%emt 0:00:30]} 49. Rxa3 {[%emt 0:00:30]} Rf2 {[%emt 0:01:23]} 50. Qe3+ {[%emt 0:00:30]} Qxe3 {[%emt 0:00:30]} 51. Rxe3 {[%emt 0:00:30]} Rc2 {[%emt 0:00:30]} 52. Re4 {[%emt 0:00:00]} Rc3 {[%emt 0:00:49]} 53. Kg4 {[%emt 0:00:00]} Rc2 {[%emt 0:00:29]} 54. h4 {[%emt 0:00:30]} Kg7 {[%emt 0:00:03]} 55. Rf4 {[%emt 0:03:30]} h5+ {[%emt 0:00:53]} 56. Kf3 {[%emt 0:00:30]} Rc3+ {[%emt 0:00:13]} 57. Kf2 {[%emt 0:00:30]} c5 {[%emt 0:00:52]} 58. Ne2 {[%emt 0:01:30]} Ra3 {[%emt 0:00:27]} 59. Ng1 {[%emt 0:01:30]} Rc3 {[%emt 0:00:35]} 60. Nf3 {[%emt 0:00:00]} Ra3 {[%emt 0:00:28]} 61. Ng5 {[%emt 0:00:00]} Ra6 {[%emt 0:00:30]} 62. Ke3 {[%emt 0:00:30]} Rd6 {[%emt 0:00:29]} 63. Ke4 {[%emt 0:00:30]} Rd4+ {[%emt 0:00:18]} 64. Ke5 {[%emt 0:00:00]} Rd1 {[%emt 0:00:08]} 65. Ne6+ {[%emt 0:01:00]} Kg8 {[%emt 0:00:43]} 66. Nxc5 {[%emt 0:00:30]} Rg1 {[%emt 0:00:03]} 67. Ne4 {[%emt 0:00:30]} 1-0

[Event "World Junior U20 Open 2018"]
[Site "Gebze"]
[Date "2018.09.14"]
[Round "10.74"]
[White "Kara, Yanki"]
[Black "Ozgur, Tibet Kagan"]
[Result "1-0"]
[WhiteElo "2262"]
[BlackElo "2056"]
[Annotator "NA"]
[PlyCount "59"]
[EventDate "2018.09.05"]
[EventType "swiss"]
[EventCountry "TUR"]
[SourceTitle "playchess.com"]
[Source "ChessBase"]
[SourceQuality "1"]
[TimeControl "40/5400+30:1800+30"]

1. e4 c5 2. b3 g6 {B20: Sicilian: Unusual White 2nd moves} 3. Bb2 Nf6 4. Qf3 (4. e5 Nd5 5. Qf3 Nb4 6. Na3 Bg7 7. e6 f6 8. c3 N4c6 9. Qe3 dxe6 10. Qxc5 {½-½ (41) Morozevich,A (2665)-Andreikin,D (2712) Moscow 2018}) 4... d6 5. Bb5+ Nbd7 6. Bxf6 exf6 7. Nc3 $146 ({Predecessor:} 7. Qd3 a6 8. Bxd7+ Bxd7 9. Nc3 Be6 10. Nge2 {1-0 (34) Chigaev,M (2521)-Ushenina,A (2426) St Petersburg 2015}) 7... a6 8. Bxd7+ Bxd7 9. Nge2 Bg7 10. Qd3 {[%emt 0:22:00]} Be6 {[%emt 0:20:00]} 11. Ng3 {[%emt 0:00:30]} O-O {[%emt 0:02:30]} 12. f4 {[%emt 0:06:30]} b5 {[%emt 0:18:30]} 13. f5 {[%emt 0:01:30]} Bc8 {[%emt 0:00:30]} 14. O-O {[%emt 0:01:30]} b4 {[%emt 0:05:30]} 15. Nd5 {[%emt 0:02:30]} a5 {[%emt 0:00:00]} 16. Ne2 {[%emt 0:11:30]} Re8 {[%emt 0:10:00]} 17. Qf3 {[%emt 0:04:30]} gxf5 {[%emt 0:09:30]} 18. exf5 {[%emt 0:01:30]} Bxf5 {[%emt 0:04:30]} 19. Qxf5 {[%emt 0:05:30]} Rxe2 {[%emt 0:00:00]} 20. Qd3 {[%emt 0:16:30]} Re5 $16 {[%emt 0:03:00]} 21. Rf3 {[%emt 0:00:30]} f5 {[%emt 0:14:51]} 22. Raf1 {[%emt 0:00:30]} Qh4 {[%emt 0:02:25]} 23. Rf4 {[%emt 0:05:30]} Qg5 {[%emt 0:06:02]} 24. Ne3 {[%emt 0:02:13]} Rae8 {[%emt 0:02:19]} 25. Qb5 {[%emt 0:07:00]} Qd8 {[%emt 0:02:21]} 26. Nxf5 {[%emt 0:00:59]} Re1 {[%emt 0:00:28]} 27. Rg4 {[%emt 0:00:44]} Qf6 {[%emt 0:00:32]} 28. Rxg7+ {[%emt 0:02:27]} Kh8 {[%emt 0:00:28]} 29. Rg3 {[%emt 0:02:05]} Qxf5 {[%emt 0:00:56]} 30. Qxe8+ {[%emt 0:00:03]} 1-0

[Event "World Junior U20 Open 2018"]
[Site "Gebze"]
[Date "2018.09.14"]
[Round "10.75"]
[White "Caglar, Ahmet Ata"]
[Black "Kwon, Sehyun"]
[Result "1-0"]
[WhiteElo "2071"]
[BlackElo "2129"]
[Annotator "NA"]
[PlyCount "35"]
[EventDate "2018.09.05"]
[EventType "swiss"]
[EventCountry "TUR"]
[SourceTitle "playchess.com"]
[Source "ChessBase"]
[SourceQuality "1"]
[TimeControl "40/5400+30:1800+30"]

1. d4 {[%emt 0:00:30]} d5 {[%emt 0:00:30]} 2. c4 {[%emt 0:00:30]} e6 {[%emt 0:00:30]} 3. Nf3 {[%emt 0:00:30]} Nf6 {[%emt 0:00:30]} 4. g3 {[%emt 0:00:30]} Bb4+ {[%emt 0:00:00]} 5. Nbd2 {[%emt 0:00:00]} dxc4 {[%emt 0:00:00]} 6. Bg2 {[%emt 0:00:00]} b5 {[%emt 0:02:30]} 7. a4 {[%emt 0:02:00]} c6 $11 {[%emt 0:00:30] LiveBook: 10 Games} 8. O-O Bb7 9. axb5 cxb5 10. Nxc4 Nbd7 {[%emt 0:26:00]} 11. Bd2 {[%emt 0:16:30]} Qe7 {[%emt 0:04:30]} 12. Na5 {[%emt 0:12:30]} Bd5 {[%emt 0:01:30]} 13. Bxb4 {[%emt 0:14:30]} Qxb4 {[%emt 0:00:30]} 14. Qd2 {[%emt 0:00:00]} Qd6 {[%emt 0:02:30]} 15. Rfc1 {[%emt 0:03:00]} O-O {[%emt 0:01:30]} 16. Qc3 {[%emt 0:02:30]} Nb6 {[%emt 0:03:30]} 17. Qc5 {[%emt 0:01:30]} Nc4 {[%emt 0:12:30]} 18. Rxc4 {[%emt 0:01:30]} 1-0

[Event "World Junior U20 Open 2018"]
[Site "Gebze"]
[Date "2018.09.14"]
[Round "10.76"]
[White "Yaran, Siar"]
[Black "Dionizio, Andre Filipe Nascim"]
[Result "1-0"]
[WhiteElo "2271"]
[BlackElo "2010"]
[Annotator "NA"]
[PlyCount "42"]
[EventDate "2018.09.05"]
[EventType "swiss"]
[EventCountry "TUR"]
[SourceTitle "playchess.com"]
[Source "ChessBase"]
[SourceQuality "1"]
[TimeControl "40/5400+30:1800+30"]

1. d4 d5 2. e4 dxe4 3. Nc3 Nf6 4. f3 exf3 5. Nxf3 Bg4 6. Bd3 e6 7. O-O Be7 8. Qe1 O-O 9. Qh4 Bf5 10. Bxf5 exf5 11. Bg5 {[%emt 0:06:30]} h6 {[%emt 0:43:30]} 12. Rae1 {[%emt 0:01:30]} hxg5 {[%emt 0:09:30]} 13. Nxg5 {[%emt 0:00:30]} g6 {[%emt 0:00:30]} 14. Rxe7 {[%emt 0:02:30]} Qxe7 {[%emt 0:13:30]} 15. Nd5 {[%emt 0:00:00]} Qd6 {[%emt 0:09:30]} 16. Nxf6+ {[%emt 0:03:00]} Kg7 {[%emt 0:00:30]} 17. Qh7+ {[%emt 0:01:30]} Kxf6 {[%emt 0:00:30]} 18. Ne4+ {[%emt 0:00:00]} Ke6 {[%emt 0:00:00]} 19. Nxd6 {[%emt 0:01:00]} Kxd6 {[%emt 0:00:00]} 20. Qh4 {[%emt 0:00:00]} f6 {[%emt 0:05:21]} 21. Qg3+ {[%emt 0:00:00]} Kd5 {[%emt 0:01:19]} 1-0

[Event "World Junior U20 Open 2018"]
[Site "Gebze"]
[Date "2018.09.14"]
[Round "10.77"]
[White "Zrikem, Nassim"]
[Black "De Block, Yordi"]
[Result "0-1"]
[WhiteElo "2066"]
[BlackElo "2118"]
[Annotator "NA"]
[PlyCount "80"]
[EventDate "2018.09.05"]
[EventType "swiss"]
[EventCountry "TUR"]
[SourceTitle "playchess.com"]
[Source "ChessBase"]
[SourceQuality "1"]
[TimeControl "40/5400+30:1800+30"]

1. d4 Nf6 2. Nf3 d5 3. e3 c5 4. c3 Nc6 5. Bd3 Bg4 6. Nbd2 e6 7. Qa4 cxd4 8. exd4 Bd6 9. Ne5 Qc7 10. Nxg4 Nxg4 11. h3 Nf6 12. Nf3 O-O 13. O-O Bf4 {[%emt 0:08:30]} 14. Be3 {[%emt 0:34:00]} Bxe3 {[%emt 0:00:30]} 15. fxe3 {[%emt 0:03:30]} Ne4 {[%emt 0:08:30]} 16. Bxe4 {[%emt 0:04:30]} dxe4 {[%emt 0:00:00]} 17. Nd2 {[%emt 0:00:30]} f5 {[%emt 0:01:00]} 18. Qb3 {[%emt 0:07:30]} Rf6 {[%emt 0:02:30]} 19. Nxe4 {[%emt 0:09:30]} fxe4 {[%emt 0:00:30]} 20. Rxf6 {[%emt 0:00:30]} gxf6 {[%emt 0:00:30]} 21. Qxe6+ {[%emt 0:00:30]} Qf7 {[%emt 0:00:30]} 22. Qxe4 {[%emt 0:00:30]} Re8 {[%emt 0:00:30]} 23. Qf3 {[%emt 0:03:30]} Qg6 {[%emt 0:05:30]} 24. Re1 {[%emt 0:05:30]} Re4 {[%emt 0:00:30]} 25. Rf1 {[%emt 0:02:30]} Kg7 {[%emt 0:00:30]} 26. Qe2 {[%emt 0:01:30]} Ne7 {[%emt 0:13:30]} 27. Rf3 {[%emt 0:04:30]} h5 {[%emt 0:08:30]} 28. Kf2 {[%emt 0:05:30]} h4 {[%emt 0:01:30]} 29. Qb5 {[%emt 0:03:28]} Re6 {[%emt 0:02:30]} 30. Qd7 {[%emt 0:06:49]} Qe4 {[%emt 0:01:30]} 31. Qb5 {[%emt 0:06:13]} Rb6 {[%emt 0:07:30]} 32. Qe2 {[%emt 0:01:08]} Qb1 {[%emt 0:00:30]} 33. b3 {[%emt 0:01:12]} Ra6 {[%emt 0:00:00]} 34. a4 {[%emt 0:00:20]} Qxb3 {[%emt 0:00:00]} 35. e4 {[%emt 0:02:02]} Rxa4 {[%emt 0:00:30]} 36. e5 {[%emt 0:01:31]} f5 {[%emt 0:04:30]} 37. Rd3 {[%emt 0:00:30]} Ra1 {[%emt 0:02:30]} 38. Qe3 {[%emt 0:00:57]} Qb1 {[%emt 0:02:30]} 39. Qg5+ {[%emt 0:01:12]} Ng6 {[%emt 0:00:00]} 40. d5 {[%emt 0:00:00]} Qg1+ {[%emt 0:00:00]} 0-1

[Event "World Junior U20 Open 2018"]
[Site "Gebze"]
[Date "2018.09.14"]
[Round "10.78"]
[White "Maltezeanu, Stefan"]
[Black "Kilic, Gokturk Kagan"]
[Result "1/2-1/2"]
[WhiteElo "2089"]
[BlackElo "1910"]
[Annotator "NA"]
[PlyCount "67"]
[EventDate "2018.09.05"]
[EventType "swiss"]
[EventCountry "TUR"]
[SourceTitle "playchess.com"]
[Source "ChessBase"]
[SourceQuality "1"]
[TimeControl "40/5400+30:1800+30"]

1. e4 c5 2. Nf3 e6 3. d4 cxd4 4. Nxd4 a6 5. c4 Nf6 6. Nc3 Bb4 7. Bd3 Nc6 8. Nc2 Bxc3+ 9. bxc3 O-O 10. O-O d5 11. cxd5 exd5 12. exd5 Nxd5 13. c4 Ndb4 14. Nxb4 Nxb4 15. Be4 {[%emt 0:04:30]} Qxd1 {[%emt 0:54:30]} 16. Rxd1 {[%emt 0:00:30]} Nc6 {[%emt 0:00:30]} 17. Rb1 {[%emt 0:09:30]} Be6 {[%emt 0:17:30]} 18. Rxb7 {[%emt 0:06:30]} Rad8 {[%emt 0:03:30]} 19. Re1 {[%emt 0:15:30]} Nd4 {[%emt 0:13:52]} 20. c5 {[%emt 0:25:30]} Rfe8 {[%emt 0:02:56]} 21. f3 {[%emt 0:14:30]} Bxa2 {[%emt 0:05:02]} 22. Be3 {[%emt 0:03:30]} Bd5 {[%emt 0:01:09]} 23. Bxd5 {[%emt 0:04:58]} Rxd5 {[%emt 0:00:06]} 24. Reb1 {[%emt 0:04:06]} h6 {[%emt 0:00:58]} 25. Rb8 {[%emt 0:03:59]} Rxb8 {[%emt 0:00:57]} 26. Rxb8+ {[%emt 0:00:30]} Kh7 {[%emt 0:00:00]} 27. Kf2 {[%emt 0:00:40]} Ne6 {[%emt 0:01:29]} 28. c6 {[%emt 0:00:45]} a5 {[%emt 0:01:00]} 29. Bb6 {[%emt 0:05:24]} Rd2+ {[%emt 0:00:27]} 30. Kg3 {[%emt 0:00:35]} Rc2 {[%emt 0:00:16]} 31. c7 {[%emt 0:02:06]} Nxc7 {[%emt 0:00:30]} 32. Rc8 {[%emt 0:00:30]} Rc6 {[%emt 0:00:00]} 33. Bxa5 {[%emt 0:00:48]} Rg6+ {[%emt 0:00:04]} 34. Kf2 {[%emt 0:00:00]} 1/2-1/2